Les Traitres - M6 - Spin-off - Statistiques

Statistiques générales
  • Ce quiz a été pris 12 fois
  • Le résultat moyen est 10 sur 14
Statistiques - réponses
Statut Occupation Rôle Candidats % Correct
Éliminée (Conseil) Youtubeuse, Le Monde à l'envers Loyale Jenny
100%
Éliminé (Conseil Final) Youtubeur, participant de Secret Story 10 Loyal Darko
90%
Vainqueurs Participant de Pékin Express : La Route des 50 volcans Loyal Briac
80%
Éliminée (Conseil) Entrepreneuse, vidéaste et influenceuse Traitre EnjoyPhoenix
80%
Éliminé (Conseil Final) Youtubeur Traitre Sora
80%
Éliminé (Conseil) Youtubeur, Le Monde à l'envers Loyal Valentin
80%
Vaiqnueurs Youtubeuse, participante à la saison 2 des Traîtres Loyale Andy Raconte
70%
Éliminée (Conseil Final) Influenceuse Traitre Daniela Capone
70%
Vainqueurs Youtubeur Loyal LeBouseuh
70%
Éliminée (Traitres) Youtubeuse Loyale Shera
70%
Éliminé (Traitres) TikTokeur Loyal Monsieur Pof
60%
Éliminé (Traitres) Chef cuisinier, finaliste de Top Chef 2023 Loyal Danny Khezzar
40%
Éliminée (Conseil) Vidéaste web et streameuse Loyale Jeel
40%
Éliminé (Traitres) Influenceur Loyal Raphma
30%
Aucun quiz correspondant
Distribution des résultats
% des personnes avec chaque résultat
Percentile par nombre de réponses
Votre historique - résultats
Vous n’avez pas pris ce quiz